02080nam a2200241Ia 4500001000600000003000900006008004100015040001300056040001300069041001300082100002600095100002900121245006100150245005600211250001100267260001100278260002000289260004900309300005700358500135700415650003501772650003101807 6201IT-RoPAU130308s9999 xx 000 0 und d aIT-RoPAU cIT-RoPAU aITALIANO aDella Ratta Donatella gCodice Aut. SPICS: 58461 aAl Jazeera. Media e società arabe nel nuovo millennio bFolklore Esotico: ricostruzioni fedeli e Arbitrarie a1a ed. aMILANO bMondadori Bruno c2005 [1° Ed.:2005 - Ed.Ling.Originale:2005] a"264 p. (prefazione: no ; testo: 264 [pagine: 0-0])" a"Al Jazeera, Rivoluzione o Provocazione? I Media Arabi Prima e Dopo Guerra del Golfo: Prima della Guerra, Duopolio Egitto Arabia Saudita; caratteristiche Sistema Media Arabi (Unitarismo Arabo o Panarabismo; Transnazionalismo;Mobilitazione); Ascesa potenza Mediale Egiziana e Contrattacco Saudita; Periferie imperi Mediali Arabi; Informazione televisiva Prima della Guerra; riconfigurazione Media Dopo la Guerra. Ii Ascesa regionale di al Jazeera: Nuovi network Panarabi (Middle East broadcasting Center Mbc; Arab Radio Andtelevision Art; Orbit; strada Verso al Jazeera, fallimento Informazione Sui network Panarabi Sauditi; Particolarità mercato Televisivo Panarabo); al Jazeera, Filosofia Editoriale e Programmazione; doppio Gioco del Qatar, Politica Estera e Strategia Mediale. III tutti contro al Jazeera: Perche' Occidente Non Capisce al Jazeera (Opinione e Opinione Contraria Come Strategia Editoriale e Politica; Terminologia e Oggettività Contestuale; Ambiguità Pubblico/Privato; Ideologia Versus Business; Panarabismo e Panislamismo;Mobilitazione Satellitare); Perche' Mondo Arabo Non Acceta al Jazeera; Usae Arabia Saudita, Chi è vero nemico di al Jazeera? Iv al Jazeera Dopo L'11 Settembre: Guerra All'Iraq e Ricadute Sui Media; Apertura mercato regionale Alla Concorrenza; Non Solo News; Democrazia Puo Nascere Dai Media? Biblio" aSAGGI DI COMUNICAZIONE SOCIALE eCodice materia Spics: 3807